| 000 -ლიდერი |
| ფიქსირებული სიგრძის საკონტროლო ველი |
01309nam a22002177a 4500 |
| 003 - საკონტროლო ნომრის იდენტიფიკატორი |
| საკონტროლო ველი |
Ge_BSU |
| 005 - ბოლო ოპერაციის თარიღი და დრო |
| საკონტროლო ველი |
20230522103328.0 |
| 008 - ფიქსირებული სიგრძის მონაცემთა ელემენტები - ზოგადი ინფორმაცია |
| ფიქსირებული სიგრძის საკონტროლო ველი |
230522s1990 ge ||||| |||| 00| 0 geo d |
| 041 ## - ენის კოდი |
| Language code of text/sound track or separate title |
geo |
| 080 ## - უნივერსალური ათობითი კლასიფიკაციის ინდექსი |
| Universal Decimal Classification number |
737(55) ქ-84 |
| 100 ## - მთავარი ჩანაწერი - პიროვნების სახელი |
| Personal name |
ქუთელია, თინათინ |
| 9 (RLIN) |
18162 |
| 245 ## - ცნობა სათაურის შესახებ |
| Title |
ირანული სპილენძის ფულის კატალოგი : |
| Remainder of title |
(საქ. სახელმწ. მუზეუმის ფონდების მიხედვით) / |
| Statement of responsibility, etc |
თინათინ ქუთელია; რედ. ც. ღვაბერიძე; საქ. სსრ მეცნ. აკად., საქ. სახელმწ. მუზეუმი. |
| 264 ## - წარმოების, გამოცემის, დისტრიბუციის და სხვა ცნობები |
| გამოცემის, წარმოების, დისტრიბუციის... ადგილი |
თბილისი : |
| გამოცემის, წარმოების, დისტრიბუციის... სახელწოდება |
მეცნიერება, |
| გამოცემის, წარმოების, დისტრიბუციის... თარიღი |
1990. |
| 300 ## - ფიზიკური აღწერა |
| Extent |
116 გვ. : |
| Other physical details |
17 ფ. ილ. ; |
| Dimensions |
21 სმ. |
| 501 ## - შენიშვნა თანმხლებ მასალაზე |
| With note |
პარალ. ტექსტი რუს. და ინგლ. |
| 653 ## - INDEX TERM--UNCONTROLLED |
| Uncontrolled term |
ირანული ფული |
| 653 ## - INDEX TERM--UNCONTROLLED |
| Uncontrolled term |
ნუმიზმატიკური ფონდები |
| 700 ## - ADDED ENTRY--PERSONAL NAME |
| Personal name |
ღვაბერიძე, ც. |
| Relator term |
რედაქტორი |
| 9 (RLIN) |
18163 |
| 710 ## - ADDED ENTRY--CORPORATE NAME |
| Corporate name or jurisdiction name as entry element |
საქ. სსრ მეცნ. აკადემია |
| Subordinate unit |
საქ. სახელმწ. მუზეუმი. |
| 9 (RLIN) |
18164 |
| 942 ## - ADDED ENTRY ELEMENTS (KOHA) |
| Source of classification or shelving scheme |
|
| Koha item type |
წიგნი |